000 00289nam a22001337a 4500
008 170602b xxu||||| |||| 00| 0 eng d
020 _a9780670864010
041 _aeng
080 _a94(7/8)
100 _a17
101 _aSHH
245 _aBECOMING VISIBLE
_cMCGARRY,M
942 _2udc
_cBK
999 _c15818
_d15818